La interpretación económica de la Historia / (Record no. 143080)

MARC details
000 -LEADER
campo de control de longitud fija 00675nam a2200193 4500
001 - NÚMERO DE CONTROL
campo de control 143080
003 - IDENTIFICADOR DE NÚMERO DE CONTROL
campo de control ES-MaACL
005 - FECHA Y HORA DE LA ÚLTIMA TRANSACCIÓN
campo de control 20250914145936.0
007 - CAMPO FIJO DE DESCRIPCIÓN FÍSICA--INFORMACIÓN GENERAL
campo de control de longitud fija t|
008 - DATOS DE LONGITUD FIJA--INFORMACIÓN GENERAL
campo de control de longitud fija 070214n19201929sp r ||||1| spa d
100 1# - ENTRADA PRINCIPAL--NOMBRE DE PERSONA
Nombre de persona Seligman, Edwin Robert Anderson (
Fechas asociadas al nombre 1861-1939)
9 (RLIN) 105306
245 13 - MENCIÓN DEL TÍTULO
Título La interpretación económica de la Historia /
Mención de responsabilidad, etc. por Edwin R. A. Seligman ; estudio preliminar de Adolfo Posada y José M. Sempere.
260 ## - PUBLICACIÓN, DISTRIBUCIÓN, ETC.
Lugar de publicación, distribución, etc. Madrid :
Nombre del editor, distribuidor, etc. J. Blass y Cia.,
Fecha de publicación, distribución, etc. [192_?]
300 ## - DESCRIPCIÓN FÍSICA
Extensión 247 p. ;
Dimensiones 18 x 12 cm.
700 1# - ENTRADA AGREGADA--NOMBRE PERSONAL
Nombre de persona Posada, Adolfo,
Fechas asociadas al nombre 1860-1944
9 (RLIN) 93316
700 1# - ENTRADA AGREGADA--NOMBRE PERSONAL
Nombre de persona Sempere, José María.
9 (RLIN) 105405
852 ## - LOCALIZACIÓN
Ubicación ES-MaACL
Número de control de estantería D-3512
Holdings
Estatus retirado Estado de pérdida Estado de daño No para préstamo Biblioteca de origen Biblioteca actual Ubicación en estantería Fecha de adquisición Fuente de adquisición Total de préstamos Signatura topográfica completa Código de barras Visto por última vez Precio de reemplazo Tipo de ítem Koha
        Biblioteca del Ateneo de Madrid Biblioteca del Ateneo de Madrid Sala Valle Inclán 17/01/2008     D-3512 901148866 23/02/2023 23/02/2023 Libro impreso